U.S. Secretaries of Commerce by Picture - Statistics

General Stats
  • This quiz has been taken 19 times
    4 since last reset
  • The average score is 17 of 52
Answer Stats
Picture Hint Answer % Correct
1921-1928 Herbert Hoover
100%
2021-2025 Gina Raimondo
75%
1968-1969 C. R. Smith
50%
1938-1940 Harry Hopkins
50%
1945-1946 Henry A. Wallace
50%
2025-Present Howard Lutnick
50%
1940-1945 Jesse H. Jones
50%
1961-1965 Luther H. Hodges
50%
*1979-1980* Luther H. Hodges Jr.
50%
2013-2017 Penny Pritzker
50%
1975-1976 Rogers Morton
50%
1946-1948 W. Averell Harriman
50%
1967-1968 Alexander Trowbridge
25%
*1946* Alfred Schindler
25%
1992-1993 Barbara Franklin
25%
*1987* Bud Brown
25%
*2013* Cameron Kerry
25%
2005-2009 Carlos Gutierrez
25%
1948-1953 Charles W. Sawyer
25%
1933-1938 Daniel C. Roper
25%
2001-2005 Donald Evans
25%
1976-1977 Elliot Richardson
25%
1973-1975 Frederick B. Dent
25%
1959-1961 Frederick H. Mueller
25%
2009-2011 Gary Locke
25%
*2025* Jeremy Pelter
25%
2011-2012 John Bryson
25%
1965-1967 John T. Connor
25%
1919-1921 Joshua W. Alexander
25%
1977-1979 Juanita M. Kreps
25%
1958-1959 Lewis Strauss
25%
1981-1987 Malcolm Baldridge, Jr.
25%
*1996* Mary L. Good
25%
1969-1972 Maurice Stans
25%
1996-1997 Mickey Kantor
25%
2000-2001 Norman Mineta
25%
1972-1973 Peter George Peterson
25%
1980-1981 Philip Klutznick
25%
*2011* | *2012-2013* Rebecca Blank
25%
*2000* Robert L. Mallett
25%
1989-1992 Robert Mosbacher
25%
1929-1932 Robert P. Lamont
25%
*1992* Rockwell A. Schnabel
25%
1993-1996 Ron Brown
25%
1932-1933 Roy D. Chapin
25%
1953-1958 Sinclair Weeks
25%
2017-2021 Wilbur Ross
25%
1913-1919 William C. Redfield
25%
1928-1929 William F. Whiting
25%
1997-2000 William M. Daley
25%
1987-1989 William Verity, Jr.
25%
*2021* Wynn Coggins
25%
No matching quizzes found
Score Distribution
Percent of People with Each Score
Percentile by Number Answered
Your Score History
You have not taken this quiz since the last reset